000 00546nam a2200229Ia 4500
003 OSt
005 20221005122403.0
006 a|||||r|||| 00| 0
007 ta
008 221004b |||||||| |||| 00| 0 mal d
024 _a52926
037 _cTextual
040 _aCRL
_cCRL
_bmal
041 _2mal
_amal
082 _aG, 32K3
100 _aBhaskara Panikar
_9631892
245 0 _aJeeva prapancham
260 _c1963
650 _aBIOLOGY
942 _hG, 32K3
_cTEXL
_2cc
999 _c1044129
_d1044129